000 01799cam a22004694i 4500
003 PE-LiUPU
005 20250731173322.0
008 150625s2003 flu r 000 0 spa d
020 _a0829738479
035 _a(Sirsi) i9780829738476
040 _aPE-LiUPU
_bspa
_cPE-LiUPU
_erda
049 _aPRUA
082 0 4 _a234.1322
_bW15
_221
100 1 _aWagner, C. Peter,
_eautor.
_91201
245 1 0 _a7 Principios poderosos :
_bque no aprendí en el seminario /
_cC. Peter Wagner.
264 1 _aMiami :
_bVida,
_c2003.
300 _a95 páginas ;
_c21 centímetros
336 _atext
_2rdacontent
337 _aunmediated
_2rdamedia
338 _avolume
_2rdacarrier
505 0 _aLa función operativa del Espíritu Santo -- La adoración combativa -- La profecía: como escuchar la voz de Dios -- La sanidad milagrosa -- La liberación de los demonios -- La oración poderosa -- Cómo sintonizarse a nuevos niveles de poder.
526 _aSEG42
526 _aSEG41
526 _aSEG40
526 _aSEG39
526 _aP94
526 _aP87
526 _aP86
526 _aP85
526 _aP77
526 _aP76
526 _aP35
541 _g002-000524;
650 0 4 _aEspíritu Santo.
_91618
650 0 4 _aPoder (Teología cristiana).
650 0 4 _aTeología pastoral.
_91381
942 _2ddc
_cBOOK
949 _a234.1322 W15
_wDEWEY
_c1
_i57645
_lCCODEBUL1
_mBUL
_p11.00
_r0
_sY
_tBOOK
_u2015-6-25
_xTEOLOGIA
_zUNKNOWN
_0COMPRA
_o.STAFF. Colección General
994 _aC0
_bPEPRU
596 _a1
999 _a234.1322 W15
_wDEWEY
_c46660
_i57645
_f2021-11-10
_g5
_lCCODEBUL1
_mBUL
_p11.00
_r0
_sY
_tBOOK
_u2015-6-25
_xTEOLOGIA
_PP35
_0COMPRA
_o.STAFF. Colección Teología
_d46660
980 _81
_gALBERTO SANCHEZ Responsable de Automatización